Southville International School and Colleges
Your cart is empty.
  • Cart
  • Lists
    Public lists Eva Luna New books Lux_list list_1
    Your lists Log in to create your own lists
  • Log in to your account
  • Your cookies
  • Search history
Southville International School and Colleges
  • Advanced search
  • Recent comments
  • Most popular
  • Libraries

Log in to your account

Log in with GOOGLE


If you do not have an external account, but do have a local account, you can still log in:

  1. Home
  2. MARC view: Easy steps to chinese 7 textbook :
Normal view MARC view ISBD view

Easy steps to chinese 7 textbook : (Record no. 288982)

[ view plain ]
MARC details
000 -LEADER
fixed length control field 00545nam a22001697a 4500
003 - CONTROL NUMBER IDENTIFIER
control field LC
005 - DATE AND TIME OF LATEST TRANSACTION
control field 20231107125844.0
008 - FIXED-LENGTH DATA ELEMENTS--GENERAL INFORMATION
fixed length control field 151126b xxu||||| |||| 00| 0 eng d
020 ## - INTERNATIONAL STANDARD BOOK NUMBER
International Standard Book Number 9787561927915
050 ## - LIBRARY OF CONGRESS CALL NUMBER
Classification number TR IB PL 1129
Item number .Y19 2010
100 ## - MAIN ENTRY--PERSONAL NAME
Personal name Ma, Yamin
245 ## - TITLE STATEMENT
Title Easy steps to chinese 7 textbook :
Remainder of title simplified characters version
Statement of responsibility, etc Yamin Ma, Xinying Li
260 ## - PUBLICATION, DISTRIBUTION, ETC. (IMPRINT)
Place of publication, distribution, etc Beijing : China
Name of publisher, distributor, etc Beijing Language and Culture University Press
Date of publication, distribution, etc 2010
300 ## - PHYSICAL DESCRIPTION
Extent 234 pages.,
Other physical details col.,ill.;
Dimensions 28 cm.
700 ## - ADDED ENTRY--PERSONAL NAME
Personal name Li, Xinying
942 ## - ADDED ENTRY ELEMENTS (KOHA)
Source of classification or shelving scheme Library of Congress Classification
Koha item type Books
Holdings
Withdrawn status Lost status Source of classification or shelving scheme Damaged status Home library Current library Shelving location Date acquired Source of acquisition Total Checkouts Full call number Barcode Date last seen Price effective from Koha item type
    Library of Congress Classification   Luxembourg Library Luxembourg Library Teachers Reference Section 11/26/2015 Library Fund   TR IB PL 1129 .Y19 2010 IB0226 11/26/2015 11/26/2015 Books

Easy steps to chinese 7 textbook :

APA

Ma Y., Li X., . (2010). Easy steps to chinese 7 textbook. Beijing : China: Beijing Language and Culture University Press.

Chicago

Ma Yamin, Li Xinying, . 2010. Easy steps to chinese 7 textbook. Beijing : China: Beijing Language and Culture University Press.

Harvard

Ma Y., Li X., . (2010). Easy steps to chinese 7 textbook. Beijing : China: Beijing Language and Culture University Press.

MLA

Ma Yamin, Li Xinying, . Easy steps to chinese 7 textbook. Beijing : China: Beijing Language and Culture University Press. 2010.

  • Place hold
  • Print
  • Cite
  • Add to your cart (remove)
  • Save record
    BIBTEX Dublin Core MARCXML MARC (non-Unicode/MARC-8) MARC (Unicode/UTF-8) MARC (Unicode/UTF-8, Standard) MODS (XML) RIS
  • More searches
    Search for this title in:
    Other Libraries (WorldCat) Other Databases (Google Scholar) Online Stores (Bookfinder.com) Open Library (openlibrary.org)

Exporting to Dublin Core...

SOUTHVILLE LIBRARY

Southville International School and Colleges Library

1281 Tropical Ave. Cor. Luxembourg St., BF Homes International, Las Pinas City

Tel. No. 8256374 / 252358 Loc. 117/146

Powered by Koha